Statistieken voor Schrijf het alfabet en de cijfer tot 26 - om en om

Klik hier om de quiz te nemen!

Algemene statistieken

  • Deze quiz is 75 keer genomen
  • De gemiddelde score is 37 van 52

Antwoordstatistieken

Antwoord% Correct
A
100%
C
96%
B
93%
D
93%
1
89%
E
89%
F
89%
G
89%
H
89%
2
85%
4
85%
I
85%
J
85%
3
81%
7
81%
K
81%
L
81%
M
81%
Q
81%
12
78%
5
78%
6
78%
8
78%
N
78%
O
78%
11
74%
P
74%
10
70%
9
70%
R
70%
13
67%
14
67%
16
63%
17
63%
T
63%
U
63%
Y
63%
15
59%
S
59%
V
59%
W
59%
X
59%
Z
59%
18
56%
19
56%
21
48%
23
48%
20
44%
22
41%
24
41%
25
41%
26
41%

Scoreverdeling

Percentiel versus Aantal Correcte Antwoorden

Procent van Mensen met Elke Score

Uw Scoregeschiedenis

U heeft deze quiz nog niet genomen